Statistics for 1990s Movies

Click here to take the quiz!

General Stats

  • This quiz has been taken 1,188 times
    (1,140 since last reset)
  • The average score is 7 of 10

Answer Stats

HintAnswer% Correct
8 year old Kevin must defend his home against the Wet BanditsHome Alone
94%
Bugs Bunny and the Looney Tunes recruit Michael Jordan for a Basketball match against evil aliensSpace Jam
88%
An old and a young detective chase a serial killer who is obsessed with the deadly sinsSe7en
87%
The main character finds out he's been the protagonist of a reality TV show all his lifeThe Truman Show
87%
"Hasta La Vista, Baby!"Terminator 2: Judgment Day
75%
Jack Skellington, a respectable citizen of Halloween Town, experiences the features of ChristmasThe Nightmare Before Christmas
70%
A Woody Allen-like insect becomes the unintentional war hero of his colonyAntz
66%
Craig Schwartz makes a living by letting people enter the mind of an (actual) famous actor, who plays himself in the movieBeing John Malkovich
54%
Sex Bomb Catherine Tramell seduces the cop who suspects her to be a murdererBasic Instinct
51%
"Say WHAT again!"Pulp Fiction
41%

Score Distribution

Percentile by Number Answered

Percent of People with Each Score

Your Score History

You have not taken this quiz since the last reset